Statistiques concernant tokyo revengers

Cliquez ici pour prendre le quiz!

Statistiques générales

  • Ce quiz a été pris 1 666 fois
  • Le résultat moyen est 26 sur 46

Statistiques - réponses

aideréponse% Correct
chef-adjoint du toman + membre fondateur du tomanken ryûgûji (draken)
98%
chef du tokyo manjikai (toman) + membre fondateur du tomanmanjiro sano (mikey)
98%
« monsieur le héros pleurnichard »takemichi hanagaki
98%
chef de la 1ère division du toman + membre fondateur du tomankeisuke baji
94%
chef-adjoint de la 1ère division du tomanchifuyu matsuno
89%
petite-amie de takemichihinata tachibana
89%
chef de la 2ème division du toman + membre fondateur du tomantakashi mitsuya
89%
sous-merde (si tu trouves pas je comprend pas mv)tetta kisaki
86%
demi-sœur de mikeyemma sano
84%
ancien n°3 du valhalla + membre fondateur du tomankazutora hanemiya
80%
ancien n°2 du valhalla + membre du tenjikushuji hanma
80%
chef de la 3ème division du toman + membre fondateur du tomanharuki hayashida (pachin)
77%
chef-adjoint de la 2ème division du tomanhakkai shiba
75%
lieutenant de policenaoto tachibana
75%
chef de la 4ème division du tomannahoya kawata (smiley)
72%
chef-adjoint de la 4ème division du tomansouta kawata (angry)
69%
chef-adjoint de la 3ème division du tomanryohei hayashi (peyan)
68%
ancien commandant de la 10ème génération du black dragon + membre de la 1ère division du tomanseishu inui (inupi)
68%
ancien commandant de la 10ème génération du black dragon + cadre du bontenhajime kokonoi (koko)
64%
chef de la 10ème génération du black dragontaiju shiba
63%
frère de mikey + fondateur de la 1ère génération du black dragonshin’ichirô sano
62%
chef du tenjikuizana kurokawa
61%
cheffe du brahmansenju kawaragi
54%
sœur de hakkaiyuzuha shiba
52%
ancien-chef adjoint de la 5ème division du toman + n°2 du bontensanzu haruchiyo
51%
ancien chef de la 5ème division du toman + cadre du tenjikumutô yasuhiro (mucho)
49%
membre de la 1ère division du toman + ami de takemichiatsushi sendō
47%
4 rois célestes du tenjiku + n°3 du bontenkakucho hitto
47%
4 rois célestes du tenjiku + cadre du bontenran haitani
47%
cadre du tenjiku + cadre du bontenrindo haitani
44%
petite-sœur de mitsuyaluna mitsuya
40%
membre du brahmanwakasa imaushi
39%
chef du mœbiusnobutaka osanai
38%
sœur de inupiakane inui
35%
membre du brahmankeizo arashi (benkei)
34%
petite-sœur de mitsuyamana mitsuya
34%
chef du rokuhara tendaisouth terano
34%
4 rois célestes du tenjikumadarame shion
33%
chef adjoint du brahmantakeomi akashi
32%
membre de la 1ère division du toman + ami de takemichikazushi yamagishi
27%
membre de la 1ère division du toman + ami de takemichitakuya yamamoto
27%
membre de la 1ère division du toman + ami de takemichimakoto suzuki
26%
4 rois célestes du tenjiku + cadre du bontenkanji mochizuki
22%
ancien membre de la 3ème division du tomanmasataka kiyomizu (kiyomasa)
17%
cadre du valhallachome kureiji
16%
cadre du valhallachonbo kureiji
11%

Distribution des résultats

Percentile par nombre de réponses

% des personnes avec chaque résultat

Votre développement - résultats

Vous n’avez pas pris ce quiz